Developing a Mobile Application for Remote Monitoring and Control of the VESNA Smart Greenhouse

Gespeichert in:
Bibliographische Detailangaben
1. Verfasser: Belušková, Michaela (Verfasst von)
Weitere Verfasser: Bakaráč, Peter (Betreuung Doktorarbeit)
Format: Manuskript Buch
Sprache:Slowakisch
Englisch
Veröffentlicht: 2024
Schlagworte:
Online-Zugang:http://is.stuba.sk/zp/portal_zp.pl?podrobnosti=173751
Tags: Tag hinzufügen
Keine Tags, Fügen Sie das erste Tag hinzu!

MARC

LEADER 00000ntm a22000003a 4500
001 stuzp99555
003 SK-STU
005 20240622211032.0
007 ta
008 150427s2015----xo-----f-mn---000-0-slo-d
040 |a STU  |b slo 
041 0 |a eng 
100 1 |a Belušková, Michaela  |u 047000  |4 aut  |U FCHPT Fakulta chemickej a potravinárskej technológie  |T FCHPT Ústav informatizácie, automatizácie a matematiky  |X 115978  |U C7000  |Y 105  |7 115978 
242 0 1 |a Programovanie mobilnej aplikácie na interakciu s inteligentným skleníkom VESNA  |y slo 
245 1 0 |a Developing a Mobile Application for Remote Monitoring and Control of the VESNA Smart Greenhouse 
260 |c 2024 
650 4 |a VESNA  |2 slo 
650 4 |a Java  |2 slo 
650 4 |a API  |2 slo 
650 4 |a Android Studio  |2 slo 
650 4 |a OkHttpClient  |2 slo 
650 4 |a VESNA  |2 eng 
650 4 |a Java  |2 eng 
650 4 |a Android Studio  |2 eng 
650 4 |a OkHttpClient  |2 eng 
650 4 |a API  |2 eng 
700 1 |a Bakaráč, Peter  |u 047220  |k Z1  |4 ths  |U FCHPT Ústav informatizácie, automatizácie a matematiky  |T FCHPT Oddelenie informatizácie a riadenia procesov  |X 61556  |U C7220  |Y 121  |7 61556 
856 4 |u http://is.stuba.sk/zp/portal_zp.pl?podrobnosti=173751